00934nam a2200229 i 4500001000700000003000900007005001700016007000300033008004100036080002100077245003500098260005600133300004100189490004500230500010800275500002900383650006500412830005300477852003300530999001900563952012200582105492ES-MaACL20230906183913.0t|060719s1958 fr ||||1| fre d a821.134.2.09"19"03aLa littérature de l'Espagne. aParis : bLes Editeurs Français Réunis, c1958. a302 p., [12] p. de lám. ; c22 cm.1 aEurope : revue mensuelle ; vnº 345-346 aNúmero monográfico de la revista: Europe : revue mensuelle, Paris, janv.-févr. 1958, nº 345-346. aBiblioteca Juan Andrade. 4aLiteratura española-yS.XX-xHistoria y crítica.91416860 aEurope : revue mensuelle ; vnº 345-3469232735 aES-MaACLjAND-283 bR.109600 c105492d105492 00104070aATENEOMbATENEOMcDEPO2d2008-01-17eSCl0oAND-283p1110139r2023-02-23 00:00:00w2023-02-23yMONOGRAFIA